<?xml version="1.0" encoding="UTF-8"?>
<record
    xmlns:xsi="http://www.w3.org/2001/XMLSchema-instance"
    xsi:schemaLocation="http://www.loc.gov/MARC21/slim http://www.loc.gov/standards/marcxml/schema/MARC21slim.xsd"
    xmlns="http://www.loc.gov/MARC21/slim">

  <leader>01034nam a2200145Ia 4500</leader>
  <controlfield tag="008">231221s9999    xx            000 0 und d</controlfield>
  <datafield tag="041" ind1=" " ind2=" ">
    <subfield code="a">English</subfield>
  </datafield>
  <datafield tag="245" ind1=" " ind2="0">
    <subfield code="a">Digit (1999 -</subfield>
  </datafield>
  <datafield tag="260" ind1=" " ind2=" ">
    <subfield code="c">Jun, 2001</subfield>
  </datafield>
  <datafield tag="440" ind1=" " ind2=" ">
    <subfield code="a">I</subfield>
  </datafield>
  <datafield tag="500" ind1=" " ind2=" ">
    <subfield code="a">Title changed into CHIP</subfield>
  </datafield>
  <datafield tag="510" ind1=" " ind2=" ">
    <subfield code="a">Software, graphics Ulead Photoimpact V6.0 XNview V1.19 Home, Kool Karaoke v2.0 PCDJ silver In Mag, Mcafee viruscan v5.15 Sygate personal Firewall , Internet , Copernic 2001 Basic MSN Explorer V6.10 Utilities: Macro Angel V1.3 System Mechanic v3.6 Office, Easyoffice freeware Eudora V5.1 tips &amp; Tricks , On Easter Eggs , Epaper Using ebooks and PDFS, Windows 2000 for end- users course Resolve workshop setting up Dual monitors mindmatters, 5 ebooks, 10 whitepaper Health &amp; Vision   </subfield>
  </datafield>
  <datafield tag="650" ind1=" " ind2=" ">
    <subfield code="a">Software, graphics Ulead Photoimpact V6.0 XNview V1.19 Home, Kool Karaoke v2.0 PCDJ silver In Mag, Mcafee viruscan v5.15 Sygate personal Firewall , Internet , Copernic 2001 Basic MSN Explorer V6.10 Utilities: Macro Angel V1.3 System Mechanic v3.6 Offi</subfield>
  </datafield>
  <datafield tag="942" ind1=" " ind2=" ">
    <subfield code="c">CD</subfield>
  </datafield>
  <datafield tag="999" ind1=" " ind2=" ">
    <subfield code="c">202217</subfield>
    <subfield code="d">202217</subfield>
  </datafield>
  <datafield tag="952" ind1=" " ind2=" ">
    <subfield code="r">2024-01-26 00:00:00</subfield>
    <subfield code="l">0</subfield>
    <subfield code="p">CD424</subfield>
    <subfield code="h">-2</subfield>
    <subfield code="w">2024-01-26</subfield>
    <subfield code="y">CD</subfield>
    <subfield code="1">0</subfield>
    <subfield code="4">0</subfield>
    <subfield code="7">0</subfield>
    <subfield code="8">CL</subfield>
    <subfield code="0">0</subfield>
    <subfield code="a">ML</subfield>
    <subfield code="b">ML</subfield>
    <subfield code="d">0000-00-00</subfield>
    <subfield code="e">Allied  publ.</subfield>
    <subfield code="E">CS</subfield>
    <subfield code="L">12/08/2009</subfield>
    <subfield code="G">RS</subfield>
    <subfield code="F">1</subfield>
    <subfield code="V">0</subfield>
    <subfield code="W">0</subfield>
  </datafield>
</record>
